[Event "Ïåðâåíñòâî Ìîñêâû "]
[Site "ÐœÐ¾Ñ�ÐºÐ²Ð°"]
[Date "2017.11.15"]
[Round "5.25"]
[White "Shekun, Ilya"]
[Black "Morozov, Fedor"]
[Result "1/2-1/2"]
[WhiteElo "1194"]
[BlackElo "1607"]
[PlyCount "61"]
[EventDate "2017.11.11"]

1. d4 e6 2. c4 d5 3. Nf3 Nf6 4. g3 b6 5. Bg2 Bb7 6. O-O dxc4 7. Qa4+ Nbd7 8.
Qxc4 Be7 9. Nc3 O-O 10. Re1 c5 11. e4 cxd4 12. Qxd4 Nc5 13. Qxd8 Rfxd8 14. e5
Ne8 15. Bf4 Nc7 16. Rad1 Nd5 17. Nxd5 Bxd5 18. b3 Rd7 19. Rd4 Rad8 20. Nd2 Bxg2
21. Rxd7 Rxd7 22. Kxg2 Nd3 23. Re2 Nc1 24. Re4 Nxa2 25. Rc4 f6 26. Ne4 Nb4 27.
Rc8+ Kf7 28. Nd6+ Bxd6 29. exd6 Nd5 30. Rc7 Nxf4+ 31. gxf4 {íå ïîíÿòíî} 1/2-1/2

[Event "Ïåðâåíñòâî Ìîñêâû "]
[Site "ÐœÐ¾Ñ�ÐºÐ²Ð°"]
[Date "2017.11.15"]
[Round "5.26"]
[White "Zagorskii, Artem"]
[Black "Kozhevnikov, Aleksandr"]
[Result "1-0"]
[WhiteElo "1612"]
[BlackElo "1315"]
[PlyCount "101"]
[EventDate "2017.11.11"]

1. e4 c5 2. Nf3 d6 3. d4 cxd4 4. Nxd4 Nf6 5. Nc3 g6 6. Be3 Bg7 7. f3 O-O 8. Qd2
Nc6 9. g4 Bd7 10. O-O-O Rc8 11. h4 h5 12. gxh5 Nxh5 13. Be2 Ne5 14. f4 Nc4 15.
Bxc4 Rxc4 16. f5 Kh7 17. Rdg1 Qa5 18. Rg5 Qa6 19. Qe2 Rxc3 20. Qxa6 bxa6 21.
bxc3 Bh6 22. Re1 Bxg5 23. hxg5 Kg7 24. Rg1 Rc8 25. Kd2 Rc4 26. fxg6 Kxg6 27.
Rb1 e5 28. Nf3 Rxe4 29. Rb7 Be6 30. Bxa7 Ra4 31. Rb6 e4 32. Nd4 Kxg5 33. Rxd6
Bxa2 34. Ke3 f5 35. Bb6 Bf7 36. Bd8+ Kg4 37. Rb6 Ra1 38. Nc6 Bd5 39. Ne5+ Kg3
40. Rg6+ Kh2 41. Rh6 f4+ 42. Kf2 e3+ 43. Ke2 Bc4+ 44. Nxc4 Ra2 45. Rxh5+ Kg3
46. Rg5+ Kh3 47. Kd3 Kh2 48. Bc7 Rxc2 49. Bxf4+ Kh1 50. Rh5+ Kg1 51. Bxe3+ 1-0

[Event "Ïåðâåíñòâî Ìîñêâû "]
[Site "ÐœÐ¾Ñ�ÐºÐ²Ð°"]
[Date "2017.11.15"]
[Round "5.27"]
[White "Kolobov, Dmitriy"]
[Black "Sakhin, Leonid"]
[Result "1/2-1/2"]
[WhiteElo "1514"]
[BlackElo "1579"]
[PlyCount "60"]
[EventDate "2017.11.11"]

1. d4 e6 2. c4 d5 3. Nc3 Nf6 4. Bg5 Nbd7 5. e3 Bb4 6. a3 Bxc3+ 7. bxc3 O-O 8.
cxd5 exd5 9. Nf3 c5 10. Nd2 c4 11. Be2 Qa5 12. Qc2 Re8 13. O-O h6 14. Bh4 Ne4
15. Nxe4 Rxe4 16. Bg3 Re6 17. h3 Nf6 18. Rfc1 Bd7 19. Bd1 Ne4 20. Be5 Rae8 21.
a4 Ra6 22. Kf1 Rc8 23. f3 Nf6 24. Bg3 Re8 25. Bf2 Ree6 26. Rcb1 Reb6 27. Rxb6
Rxb6 28. Ra3 Re6 29. Ra2 Rb6 30. Ra3 Re6 1/2-1/2

[Event "Ïåðâåíñòâî Ìîñêâû "]
[Site "ÐœÐ¾Ñ�ÐºÐ²Ð°"]
[Date "2017.11.16"]
[Round "6.7"]
[White "Kurus, Artem"]
[Black "Zhuk, Kirill"]
[Result "1/2-1/2"]
[WhiteElo "1829"]
[BlackElo "2035"]
[PlyCount "66"]
[EventDate "2017.11.11"]

1. d4 d5 2. c4 e6 3. Nc3 Nf6 4. Nf3 Be7 5. cxd5 exd5 6. Bg5 c6 7. Qc2 O-O 8. e3
Nbd7 9. Bd3 h6 10. Bf4 Re8 11. h3 a6 12. O-O Nb6 13. Rab1 Bd6 14. Bxd6 Qxd6 15.
b4 Be6 16. Ne2 Qe7 17. Nf4 Bd7 18. a4 Kh8 19. Ne5 Kg8 20. Rb2 Be6 21. Nxe6 Qxe6
22. b5 cxb5 23. axb5 a5 24. Ra1 Rec8 25. Qd1 Rc3 26. Rb3 Rxb3 27. Qxb3 a4 28.
Qb4 Rc8 29. Kh2 Nfd7 30. Nf3 Nf6 31. Ne5 Nfd7 32. Nf3 Nf6 33. Ne5 Nfd7 1/2-1/2

[Event "Ïåðâåíñòâî Ìîñêâû "]
[Site "ÐœÐ¾Ñ�ÐºÐ²Ð°"]
[Date "2017.11.16"]
[Round "6.8"]
[White "Mishuris, Matvey"]
[Black "Kirchei, Viktoriia"]
[Result "1/2-1/2"]
[WhiteElo "2005"]
[BlackElo "1808"]
[PlyCount "83"]
[EventDate "2017.11.11"]

1. d4 Nf6 2. Nf3 e6 3. c4 b6 4. g3 Bb7 5. Bg2 Bb4+ 6. Bd2 a5 7. O-O O-O 8. a3
Be7 9. Nc3 d5 10. Ne5 Ne4 11. cxd5 Nxd2 12. Qxd2 exd5 13. Qc2 c6 14. Bh3 Bf6
15. Rad1 Bxe5 16. dxe5 Qe7 17. Na4 b5 18. Nc5 Bc8 19. Bxc8 Rxc8 20. f4 Na6 21.
Nxa6 Rxa6 22. Rxd5 Qa7+ 23. Kh1 Qb7 24. Rc5 b4 25. Rd1 bxa3 26. bxa3 a4 27. Qf5
Rf8 28. e6 fxe6 29. Qxe6+ Kh8 30. Qd6 Rg8 31. f5 Qb2 32. Qd3 Rb6 33. Rc3 Re8
34. e4 h6 35. Qd4 c5 36. Rxc5 Qxa3 37. Rc7 Qf3+ 38. Kg1 Rf6 39. Re1 a3 40. Ra7
a2 41. Qd7 Rg8 42. Rxa2 1/2-1/2

[Event "Ïåðâåíñòâî Ìîñêâû "]
[Site "ÐœÐ¾Ñ�ÐºÐ²Ð°"]
[Date "2017.11.16"]
[Round "6.9"]
[White "Pak, Nikita"]
[Black "Lupolov, Boris"]
[Result "1/2-1/2"]
[WhiteElo "1710"]
[BlackElo "1847"]
[PlyCount "97"]
[EventDate "2017.11.11"]

1. e4 c6 2. Nf3 d5 3. Nc3 dxe4 4. Nxe4 Nd7 5. Qe2 e6 6. g3 Ngf6 7. Nxf6+ Nxf6
8. Bg2 Be7 9. O-O O-O 10. d4 Qb6 11. c4 c5 12. Be3 Rd8 13. Rfd1 Bd7 14. Ne5 Ba4
15. b3 cxd4 16. Rxd4 Rxd4 17. Bxd4 Qxd4 18. Rd1 Qc5 19. bxa4 Qc7 20. Rb1 Rb8
21. Qb2 Bd6 22. f4 Bc5+ 23. Kh1 Bd6 24. a5 h6 25. Qb5 Kf8 26. h3 Bxe5 27. fxe5
Nd7 28. Qb4+ Qc5 29. Qxc5+ Nxc5 30. Rb5 b6 31. axb6 axb6 32. Rb1 Ke7 33. Bc6 f6
34. exf6+ gxf6 35. a4 Kd6 36. Bb5 Rd8 37. Kg2 Kc7 38. h4 Rd2+ 39. Kh3 f5 40.
Ra1 Nb3 41. Re1 Nc5 42. Rc1 Nb3 43. Re1 Nc5 44. Rc1 Ne4 45. a5 bxa5 46. Ra1 Rd3
47. Rxa5 Kd6 48. c5+ Nxc5 49. Bxd3 1/2-1/2

[Event "Ïåðâåíñòâî Ìîñêâû "]
[Site "ÐœÐ¾Ñ�ÐºÐ²Ð°"]
[Date "2017.11.16"]
[Round "6.10"]
[White "Ochirov, Lidzhi"]
[Black "Chervonenkis, Boris"]
[Result "0-1"]
[WhiteElo "1638"]
[BlackElo "1875"]
[PlyCount "62"]
[EventDate "2017.11.11"]

1. d4 d5 2. c4 c6 3. Nc3 Nf6 4. Nf3 dxc4 5. a4 Bf5 6. e3 e6 7. Bxc4 Bb4 8. O-O
Nbd7 9. Nh4 Bg6 10. Nxg6 hxg6 11. e4 Bxc3 12. bxc3 Nxe4 13. Qb3 Qc7 14. g3 Nef6
15. Bf4 Qb6 16. Qa2 Qa5 17. Rab1 O-O-O 18. Qb2 Nb6 19. Be2 Rd7 20. c4 Qf5 21.
h4 Rxh4 22. gxh4 Qxf4 23. Rfd1 Ne4 24. Bd3 Qg4+ 25. Kf1 Qh3+ 26. Kg1 Nxa4 27.
Qc2 Nec3 28. Ra1 Rxd4 29. Be4 Rxe4 30. Qxe4 Nxe4 31. Rxa4 Qg4+ 0-1

[Event "Ïåðâåíñòâî Ìîñêâû "]
[Site "ÐœÐ¾Ñ�ÐºÐ²Ð°"]
[Date "2017.11.16"]
[Round "6.11"]
[White "Smelykh, Edvin"]
[Black "Lutan, Gleb"]
[Result "0-1"]
[WhiteElo "1861"]
[BlackElo "1599"]
[PlyCount "26"]
[EventDate "2017.11.11"]

1. e4 c6 2. d4 d5 3. Nc3 dxe4 4. Nxe4 Bf5 5. Ng3 Bg6 6. Bc4 Nf6 7. N1e2 e5 8.
O-O Nbd7 9. Re1 Be7 10. c3 Qc7 11. dxe5 Nxe5 12. Bf4 Nfd7 13. Qd4 O-O-O {
íå ïîíÿòíî} 0-1

[Event "Ïåðâåíñòâî Ìîñêâû "]
[Site "ÐœÐ¾Ñ�ÐºÐ²Ð°"]
[Date "2017.11.16"]
[Round "6.12"]
[White "Levkin, Lev"]
[Black "Kalita, Daniil"]
[Result "1-0"]
[WhiteElo "1812"]
[BlackElo "1539"]
[PlyCount "72"]
[EventDate "2017.11.11"]

1. d4 d5 2. c4 e6 3. Nc3 Nf6 4. Nf3 Bb4 5. cxd5 exd5 6. a3 Bxc3+ 7. bxc3 O-O 8.
Bg5 h6 9. Bh4 Nbd7 10. e3 b6 11. Bd3 Bb7 12. O-O c5 13. Ne5 Qc7 14. f4 cxd4 15.
cxd4 Rac8 16. Bf5 Nxe5 17. fxe5 Nh7 18. Bxc8 Rxc8 19. Rc1 Qd7 20. Rc3 Ba6 21.
Rf2 Bc4 22. h3 b5 23. Qg4 Qxg4 24. hxg4 g5 25. Bg3 Re8 26. Rb2 a5 27. Rc1 Re7
28. Be1 Ra7 29. Bc3 Nf8 30. Re1 Bd3 31. Rd2 Be4 32. Rdd1 Ne6 33. Bb2 Nc7 34.
Rc1 b4 35. axb4 a4 36. b5 a3 {íå ïîíÿòíî} 1-0

[Event "Ïåðâåíñòâî Ìîñêâû "]
[Site "ÐœÐ¾Ñ�ÐºÐ²Ð°"]
[Date "2017.11.16"]
[Round "6.13"]
[White "Knjazev, Artem"]
[Black "Agabekov, Saveliy"]
[Result "0-1"]
[WhiteElo "1612"]
[BlackElo "1830"]
[PlyCount "56"]
[EventDate "2017.11.11"]

1. e4 d6 2. d4 Nf6 3. Nc3 Nbd7 4. Be3 e5 5. dxe5 dxe5 6. Bd3 Be7 7. Nge2 O-O 8.
O-O c6 9. f4 Ng4 10. Bf2 Nxf2 11. Kxf2 Bc5+ 12. Ke1 exf4 13. Nxf4 Ne5 14. Qd2
Bg4 15. Be2 Qh4+ 16. Kd1 Rfd8 17. Nd3 Nc4 18. Qf4 Be3 19. g3 Bxe2+ 20. Nxe2 Qe7
21. Qh4 Qb4 22. Nc3 Qxb2 23. Nb1 Qxa1 24. Ke2 Qxa2 25. Kf3 Qxc2 26. Nf4 Rd1 27.
Rxd1 Qxd1+ 28. Kg2 Qxb1 0-1

[Event "Ïåðâåíñòâî Ìîñêâû "]
[Site "ÐœÐ¾Ñ�ÐºÐ²Ð°"]
[Date "2017.11.16"]
[Round "6.14"]
[White "Ivlev, Aleksandr"]
[Black "Nikulshin, Alexey"]
[Result "1-0"]
[WhiteElo "1716"]
[BlackElo "1437"]
[PlyCount "36"]
[EventDate "2017.11.11"]

1. d4 e6 2. Nf3 d5 3. Bf4 Nf6 4. e3 Bd6 5. Ne5 O-O 6. Bd3 b6 7. Nd2 Bb7 8. O-O
c5 9. c3 c4 10. Bc2 Nc6 11. Bg3 Qc7 12. f4 Nd7 13. h3 f6 14. Qh5 fxe5 15. Bh4
Nf6 16. Qe2 b5 17. g4 g6 18. Kh1 Ne4 {íå ïîíÿòíî} 1-0

[Event "Ïåðâåíñòâî Ìîñêâû "]
[Site "ÐœÐ¾Ñ�ÐºÐ²Ð°"]
[Date "2017.11.16"]
[Round "6.15"]
[White "Arbuzov, Timofey"]
[Black "Drobin, Maxim"]
[Result "0-1"]
[WhiteElo "1658"]
[BlackElo "1634"]
[PlyCount "104"]
[EventDate "2017.11.11"]

1. e4 e6 2. d4 d5 3. Nc3 Nf6 4. Bg5 dxe4 5. Nxe4 Be7 6. Bxf6 Bxf6 7. Nf3 O-O 8.
c3 Nd7 9. Bd3 b6 10. Qe2 Bb7 11. O-O-O Qe7 12. g4 g6 13. h4 c5 14. Rh3 cxd4 15.
cxd4 Rfc8+ 16. Kb1 Bg7 17. h5 Nf8 18. g5 Rc7 19. Ne5 Rac8 20. hxg6 fxg6 21. Nf3
Bd5 22. Rhh1 Qb4 23. Qd2 Qa4 24. b3 Qa3 25. Rc1 Bxb3 26. axb3 Qxb3+ 27. Ka1
Rxc1+ 28. Rxc1 Rxc1+ 29. Qxc1 Qxd3 30. Qe3 Qxe3 31. fxe3 Nd7 32. Ka2 e5 33. d5
h6 34. Kb3 hxg5 35. Nfxg5 Bh6 36. Kc4 Bxg5 37. Nxg5 a6 38. Ne6 Kf7 39. Nc7 b5+
40. Kb4 g5 41. Ne6 g4 42. Ng5+ Kg6 43. Ne4 Nf6 44. d6 Nd7 45. Nc5 Nf8 46. Ne4
Kf5 47. Ng3+ Ke6 48. Kc5 Nd7+ 49. Kc6 b4 50. Ne4 b3 51. Ng5+ Kf5 52. Kxd7 b2
0-1

[Event "Ïåðâåíñòâî Ìîñêâû"]
[Site "ÐœÐ¾Ñ�ÐºÐ²Ð°"]
[Date "2017.11.16"]
[Round "6.16"]
[White "Gubanov, Timofey"]
[Black "Vinokur, Leonid"]
[Result "0-1"]
[WhiteElo "1538"]
[BlackElo "1703"]
[PlyCount "62"]
[EventDate "2017.11.11"]

1. d4 Nf6 2. c4 g6 3. Nc3 d5 4. cxd5 Nxd5 5. e4 Nxc3 6. bxc3 Bg7 7. Be3 c5 8.
Bc4 Nc6 9. Ne2 O-O 10. O-O cxd4 11. cxd4 Kh8 12. Qd2 Na5 13. Rac1 b6 14. Bd5
Bb7 15. Bxb7 Nxb7 16. f3 Qd7 17. Rc2 Rac8 18. Rfc1 Nd6 19. d5 b5 20. Bd4 Nc4
21. Bxg7+ Kxg7 22. Qc3+ Kg8 23. Qb3 a6 24. Kh1 e6 25. Nc3 Rfd8 26. a4 Ne3 27.
Re2 bxa4 28. dxe6 fxe6 29. Qa3 Qd3 30. Ree1 Nc2 31. Qe7 Re8 0-1

[Event "Ïåðâåíñòâî Ìîñêâû"]
[Site "ÐœÐ¾Ñ�ÐºÐ²Ð°"]
[Date "2017.11.16"]
[Round "6.17"]
[White "Gornostaev, Yakov"]
[Black "Soloviev, Vladislav"]
[Result "0-1"]
[WhiteElo "1570"]
[BlackElo "1892"]
[PlyCount "66"]
[EventDate "2017.11.11"]

1. d4 g6 2. e4 d6 3. Nf3 Bg7 4. Bc4 Nf6 5. Nc3 O-O 6. O-O Nxe4 7. Nxe4 d5 8.
Ned2 dxc4 9. Nxc4 Bg4 10. Be3 Nc6 11. c3 b5 12. Na3 e5 13. h3 exd4 14. cxd4
Bxf3 15. Qxf3 Nxd4 16. Bxd4 Qxd4 17. Nxb5 Qb6 18. Qb3 Rfb8 19. Nc3 Qxb3 20.
axb3 Rxb3 21. Nd5 Rb7 22. Rac1 Rxb2 23. Nxc7 Rd8 24. Na6 Bd4 25. Nc5 Rc8 26.
Ne4 Rxc1 27. Rxc1 Re2 28. Rc8+ Kg7 29. Ng5 Rxf2 30. Kh1 Be5 31. Kg1 Ra2 32. Re8
Bg3 33. Nf3 Ra1+ 0-1

[Event "Ïåðâåíñòâî Ìîñêâû"]
[Site "ÐœÐ¾Ñ�ÐºÐ²Ð°"]
[Date "2017.11.16"]
[Round "6.18"]
[White "Karlov, Egor"]
[Black "Boger, Juri"]
[Result "0-1"]
[WhiteElo "1857"]
[BlackElo "1641"]
[PlyCount "27"]
[EventDate "2017.11.11"]

1. d4 Nf6 2. c4 d6 3. Nc3 g6 4. e4 Bg7 5. Be2 O-O 6. Nf3 Nc6 7. O-O e5 8. d5
Ne7 9. b4 Nh5 10. Ne1 Nf4 11. Nd3 g5 12. Be3 f5 13. f3 Nfg6 14. c5 {íå ïîíÿòíî}
0-1

[Event "Ïåðâåíñòâî Ìîñêâû"]
[Site "ÐœÐ¾Ñ�ÐºÐ²Ð°"]
[Date "2017.11.16"]
[Round "6.19"]
[White "Pavlov, Ivan"]
[Black "Makhauri, Eli"]
[Result "0-1"]
[WhiteElo "1494"]
[BlackElo "1719"]
[PlyCount "54"]
[EventDate "2017.11.11"]

1. e4 c5 2. c3 d6 3. d4 cxd4 4. cxd4 Nd7 5. Nf3 e6 6. Be2 Ngf6 7. Nc3 e5 8. d5
Be7 9. O-O O-O 10. h3 a6 11. Be3 b5 12. b4 Nb6 13. a3 Ne8 14. Nd2 Bf6 15. Nb3
g6 16. Na5 Bd7 17. Rc1 Bg5 18. Nb7 Qf6 19. f4 exf4 20. Bxb6 Qe7 21. Bf3 Rb8 22.
Bd8 Rxd8 23. Nxd8 Qxd8 24. Qd3 Ng7 25. Ne2 h5 26. Qd2 f5 27. Nc3 Bh6 {
íå ïîíÿòíî} 0-1

[Event "Ïåðâåíñòâî Ìîñêâû"]
[Site "ÐœÐ¾Ñ�ÐºÐ²Ð°"]
[Date "2017.11.16"]
[Round "6.20"]
[White "Presnyakov, Oleg"]
[Black "Trofimov, Boris"]
[Result "0-1"]
[WhiteElo "1403"]
[BlackElo "1603"]
[PlyCount "45"]
[EventDate "2017.11.11"]

1. e4 c6 2. Nf3 d5 3. Nc3 d4 4. Ne2 c5 5. d3 Nc6 6. g3 e5 7. Bg2 Bd6 8. O-O a6
9. Nd2 Be6 10. f4 f6 11. f5 Bf7 12. Kh1 Qd7 13. b3 Nge7 14. a4 a5 15. Nc4 Qc7
16. Bd2 Kd7 17. Qe1 b5 18. Nxd6 Qxd6 19. Bc1 Nb4 20. Qd2 Nec6 21. Bb2 c4 22.
bxc4 bxc4 23. Ba3 {íå ïîíÿòíî} 0-1

[Event "Ïåðâåíñòâî Ìîñêâû "]
[Site "ÐœÐ¾Ñ�ÐºÐ²Ð°"]
[Date "2017.11.16"]
[Round "6.21"]
[White "Zaitsev, Yuriy"]
[Black "Khromov, Pavel"]
[Result "1-0"]
[WhiteElo "1620"]
[BlackElo "1368"]
[PlyCount "66"]
[EventDate "2017.11.11"]

1. e4 c5 2. Nc3 Nc6 3. g3 Nf6 4. Bg2 d6 5. d3 g6 6. f4 Bg7 7. Nf3 O-O 8. O-O a6
9. h3 b5 10. g4 e6 11. Ne2 Nd7 12. f5 Nb6 13. Ng3 d5 14. Bg5 f6 15. Be3 d4 16.
Bd2 c4 17. h4 b4 18. b3 c3 19. Bc1 a5 20. a4 Qd6 21. Qe1 Bd7 22. Qf2 e5 23. Kh2
Be8 24. fxg6 hxg6 25. h5 Kh7 26. hxg6+ Bxg6 27. Nf5 Bxf5 28. exf5 Rac8 29. Qh4+
Kg8 30. Qh5 Qe7 31. g5 fxg5 32. Bxg5 Bf6 33. Bh6 Bg7 {íå ïîíÿòíî} 1-0

[Event "Ïåðâåíñòâî Ìîñêâû"]
[Site "ÐœÐ¾Ñ�ÐºÐ²Ð°"]
[Date "2017.11.16"]
[Round "6.22"]
[White "Zagorskii, Artem"]
[Black "Kireev, Igor"]
[Result "0-1"]
[WhiteElo "1612"]
[BlackElo "1707"]
[PlyCount "86"]
[EventDate "2017.11.11"]

1. e4 e5 2. d4 exd4 3. Qxd4 Nc6 4. Qe3 Bb4+ 5. Bd2 d6 6. a3 Bc5 7. Qg3 Qf6 8.
Nc3 Nge7 9. f4 O-O 10. O-O-O a6 11. Nf3 b5 12. e5 Qg6 13. Bd3 Bf5 14. Qxg6 hxg6
15. Ne4 Bxe4 16. Bxe4 d5 17. Bd3 Bb6 18. g4 f5 19. h3 Nd4 20. Nxd4 Bxd4 21.
Rhf1 Kf7 22. Be1 Rh8 23. Rf3 Bb6 24. Bc3 Ke6 25. Rg3 Rh7 26. Rh1 Rah8 27. Bf1
Bf2 28. Rg2 Be3+ 29. Bd2 Bxd2+ 30. Kxd2 Rxh3 31. Rxh3 Rxh3 32. gxf5+ gxf5 33.
Rxg7 Rf3 34. Bd3 Rxf4 35. Rh7 Rg4 36. Ke3 c6 37. Kf3 Rg1 38. Kf4 Ng6+ 39. Ke3
Nxe5 40. Rh6+ Rg6 41. Rh8 Nxd3 42. Kxd3 Ke5 43. c3 f4 0-1

[Event "Ïåðâåíñòâî Ìîñêâû"]
[Site "ÐœÐ¾Ñ�ÐºÐ²Ð°"]
[Date "2017.11.16"]
[Round "6.23"]
[White "Morozov, Fedor"]
[Black "Zurabian, Vage"]
[Result "0-1"]
[WhiteElo "1607"]
[BlackElo "1596"]
[PlyCount "64"]
[EventDate "2017.11.11"]

1. e4 c5 2. c3 d6 3. d4 Nf6 4. dxc5 Nc6 5. cxd6 Nxe4 6. Be2 Qb6 7. Be3 Qxb2 8.
Nd2 Nxc3 9. Qc1 Qxc1+ 10. Rxc1 Nxe2 11. Nxe2 exd6 12. O-O Be7 13. Nc3 Be6 14.
Nb5 O-O 15. a4 Rfc8 16. Bf4 Ne5 17. Nc7 Nd3 18. Nxa8 Nxc1 19. Be3 Ne2+ 20. Kh1
Rxa8 21. Re1 Nc3 22. a5 a6 23. Rc1 Rc8 24. Nf3 Nd5 25. Rb1 Nxe3 26. fxe3 Bd5
27. Nd4 Be4 28. Re1 Bf6 29. Ne2 Rc2 30. h4 Bxh4 31. Rc1 Rxc1+ 32. Nxc1 Bg5 0-1

[Event "Ïåðâåíñòâî Ìîñêâû"]
[Site "ÐœÐ¾Ñ�ÐºÐ²Ð°"]
[Date "2017.11.16"]
[Round "6.24"]
[White "Shekun, Ilya"]
[Black "Ivanov, Stepan"]
[Result "1-0"]
[WhiteElo "1194"]
[BlackElo "1580"]
[PlyCount "60"]
[EventDate "2017.11.11"]

1. d4 Nf6 2. c4 c5 3. Nf3 g6 4. Nc3 Bg7 5. e4 cxd4 6. Nxd4 O-O 7. Be3 d6 8. Be2
Nc6 9. O-O Ne8 10. Nxc6 bxc6 11. Bd4 f5 12. Bxg7 Nxg7 13. Qd2 f4 14. Rad1 Qe8
15. Rfe1 g5 16. e5 dxe5 17. Bd3 Qh5 18. Rxe5 Rf6 19. Be2 Bg4 20. Bxg4 Qxg4 21.
f3 Qh5 22. Qd7 Rd6 23. Rxd6 exd6 24. Qxd6 Re8 25. Rxe8+ Qxe8 26. Ne4 Kh8 27.
Qf6 a6 28. Qxg5 Qd7 29. h3 Qd4+ 30. Kh2 Qxc4 {íå ïîíÿòíî} 1-0

[Event "Ïåðâåíñòâî Ìîñêâû"]
[Site "ÐœÐ¾Ñ�ÐºÐ²Ð°"]
[Date "2017.11.16"]
[Round "6.25"]
[White "Kolobov, Dmitriy"]
[Black "Ratataev, Ilya"]
[Result "1/2-1/2"]
[WhiteElo "1514"]
[BlackElo "1453"]
[PlyCount "80"]
[EventDate "2017.11.11"]

1. d4 d5 2. c4 e6 3. Nc3 Nf6 4. Bg5 Be7 5. e3 O-O 6. cxd5 Nxd5 7. Bxe7 Nxe7 8.
Bd3 b6 9. Nf3 Bb7 10. Qe2 a6 11. Ne4 h6 12. Ng3 Nd7 13. Nh5 Nd5 14. a3 c5 15.
dxc5 Nxc5 16. Bc2 Nf6 17. Ng3 Rc8 18. O-O Qe7 19. Rfd1 Rfd8 20. Rxd8+ Rxd8 21.
Rd1 Rxd1+ 22. Qxd1 e5 23. Nf5 Qc7 24. Qd6 Qxd6 25. Nxd6 Bxf3 26. gxf3 Nfd7 27.
Nc4 b5 28. Nd2 Kf8 29. Nb1 Ke7 30. Nc3 Kd6 31. b4 Ne6 32. Ne4+ Ke7 33. Nd2 g6
34. Bb3 Nb6 35. Kg2 f5 36. h4 Kd6 37. Kh3 Nd5 38. Nb1 Nb6 39. Nd2 Nd5 40. Nb1
Nd8 1/2-1/2

[Event "Ïåðâåíñòâî Ìîñêâû"]
[Site "ÐœÐ¾Ñ�ÐºÐ²Ð°"]
[Date "2017.11.16"]
[Round "6.26"]
[White "Akopjan, Gor"]
[Black "Kozhevnikov, Aleksandr"]
[Result "1-0"]
[WhiteElo "1465"]
[BlackElo "1315"]
[PlyCount "71"]
[EventDate "2017.11.11"]

1. e4 c5 2. Nf3 d6 3. d4 cxd4 4. Nxd4 Nf6 5. Nc3 g6 6. Be2 Bg7 7. O-O O-O 8.
Be3 Nc6 9. f4 Bd7 10. Bf3 Rc8 11. Qd2 a6 12. Rad1 Ng4 13. Nxc6 bxc6 14. Bd4
Bxd4+ 15. Qxd4 c5 16. Qd2 Nf6 17. e5 Ne8 18. Ne4 f5 19. Ng5 Qb6 20. Bd5+ Kg7
21. Be6 Bxe6 22. Nxe6+ Kg8 23. Nxf8 Kxf8 24. c4 Rd8 25. b3 Nc7 26. exd6 Rxd6
27. Qc3 Rf6 28. Rd8+ Kg7 29. Rd7 Kf7 30. Rfd1 Ne6 31. Qe5 Ke8 32. R7d6 exd6 33.
Qxf6 Nd4 34. Re1+ Kd7 35. Qf7+ Kc6 36. Qe8+ 1-0

[Event "Ïåðâåíñòâî Ìîñêâû"]
[Site "ÐœÐ¾Ñ�ÐºÐ²Ð°"]
[Date "2017.11.15"]
[Round "5.22"]
[White "Ratataev, Ilya"]
[Black "Soloviev, Vladislav"]
[Result "0-1"]
[WhiteElo "1453"]
[BlackElo "1892"]
[Annotator ",immortal223"]
[PlyCount "76"]
[EventDate "2017.11.11"]

1. e4 c5 2. c3 d6 3. d4 Nf6 4. Nd2 e5 5. Ngf3 Bg4 6. dxe5 dxe5 7. Qa4+ Bd7 8.
Qb3 Qc7 9. Ng5 Bg4 10. Bc4 Bh5 11. O-O h6 12. Ngf3 Nc6 13. Re1 g5 14. Bd3 O-O-O
15. Qc2 Be7 16. a3 Nd7 17. h3 g4 18. hxg4 Bxg4 19. Nh2 Rdg8 20. Nxg4 Rxg4 21.
Be2 Rg7 22. b4 Rhg8 23. g3 Nf6 24. bxc5 Bxc5 25. Nf1 Qd7 26. Kg2 h5 27. Rd1 Qe6
28. Qd3 h4 29. Be3 Be7 30. a4 Rh7 31. a5 Nd7 32. a6 b6 33. Qd5 hxg3 34. fxg3
Nc5 35. Bb5 Qxd5 36. Rxd5 Kc7 37. Bxc6 Kxc6 38. Rxe5 Bd6 {íå ïîíÿòíî} 0-1

[Event "Ïåðâåíñòâî Ìîñêâû"]
[Site "ÐœÐ¾Ñ�ÐºÐ²Ð°"]
[Date "2017.11.17"]
[Round "7.7"]
[White "Zhuk, Kirill"]
[Black "Ivlev, Aleksandr"]
[Result "0-1"]
[WhiteElo "2035"]
[BlackElo "1716"]
[PlyCount "58"]
[EventDate "2017.11.11"]

1. e4 c6 2. d4 d5 3. Nc3 dxe4 4. Nxe4 Nf6 5. Nxf6+ exf6 6. Nf3 Bf5 7. Bd3 Bxd3
8. Qxd3 Bd6 9. O-O O-O 10. b3 Qc7 11. c4 Rd8 12. Qc2 Bf8 13. Re1 Na6 14. a3
Rac8 15. Bb2 Qd6 16. Rad1 Nc7 17. Nd2 Ne6 18. Ne4 Qc7 19. Qc1 Qb6 20. b4 a5 21.
c5 Qa7 22. Qe3 axb4 23. axb4 Qa2 24. Rd2 f5 25. Nc3 Qc4 26. Ne2 Qxb4 27. Nf4
Nxf4 28. Qxf4 Re8 29. Ree2 Bxc5 {íå ïîíÿòíî} 0-1

[Event "Ïåðâåíñòâî Ìîñêâû"]
[Site "ÐœÐ¾Ñ�ÐºÐ²Ð°"]
[Date "2017.11.17"]
[Round "7.8"]
[White "Vinokur, Leonid"]
[Black "Mishuris, Matvey"]
[Result "0-1"]
[WhiteElo "1703"]
[BlackElo "2005"]
[PlyCount "110"]
[EventDate "2017.11.11"]

1. d4 Nf6 2. Nf3 e6 3. g3 b6 4. Bg2 c6 5. O-O Be7 6. c4 Ba6 7. b3 d5 8. Ne5
Nfd7 9. cxd5 cxd5 10. Bb2 O-O 11. Nd2 Nxe5 12. dxe5 Nc6 13. a3 Rc8 14. Nf3 b5
15. b4 Bb7 16. Qb3 Qb6 17. Rac1 a5 18. Bc3 axb4 19. Bxb4 Nxb4 20. axb4 Rc4 21.
Rxc4 bxc4 22. Qb2 Rc8 23. b5 Qc5 24. Rc1 c3 25. Qb3 Qc4 26. Qxc4 Rxc4 27. e3
Ba3 28. Rc2 Bb2 29. Nd4 Kf8 30. Bf1 Rb4 31. Bd3 Ke7 32. f4 h6 33. Kf2 Kd7 34.
Ne2 Rb3 35. Nd4 Ra3 36. b6 Bc6 37. Nb5 Rb3 38. Nd6 Rxb6 39. f5 Ba4 40. Re2 Bd1
41. fxe6+ fxe6 42. Rc2 Bxc2 43. Bxc2 Rb4 44. Ke2 Bc1 45. Kd3 Bd2 46. e4 g5 47.
h4 gxh4 48. gxh4 h5 49. Bd1 Be1 50. Bc2 dxe4+ 51. Nxe4 Ke7 52. Bd1 Rb2 53. Bc2
Rb5 54. Kd4 Rd5+ 55. Ke3 Rxe5 0-1

[Event "Ïåðâåíñòâî Ìîñêâû"]
[Site "ÐœÐ¾Ñ�ÐºÐ²Ð°"]
[Date "2017.11.17"]
[Round "7.9"]
[White "Lupolov, Boris"]
[Black "Kurus, Artem"]
[Result "1/2-1/2"]
[WhiteElo "1847"]
[BlackElo "1829"]
[PlyCount "84"]
[EventDate "2017.11.11"]

1. d4 Nf6 2. c4 e6 3. Nf3 d5 4. Bg5 Be7 5. e3 Ne4 6. Bxe7 Qxe7 7. Qb3 O-O 8.
Nc3 Nxc3 9. Qxc3 b6 10. cxd5 exd5 11. Rc1 c6 12. Bd3 Bb7 13. Qc2 h6 14. h4 Ba6
15. Bxa6 Nxa6 16. O-O Rac8 17. Qa4 Qb7 18. Rfd1 Nb8 19. b4 b5 20. Qb3 Nd7 21.
a4 Nb6 22. axb5 cxb5 23. Rc5 Nc4 24. Nd2 Rfd8 25. Nb1 a5 26. bxa5 Rxc5 27. dxc5
Nxa5 28. Qb4 Nc6 29. Qb3 d4 30. Na3 dxe3 31. Rxd8+ Nxd8 32. Qxe3 Ne6 33. Qb3
Nxc5 34. Qxb5 Qxb5 35. Nxb5 Kf8 36. g3 Ke7 37. Kg2 f5 38. Nd4 Kf6 39. f4 Ne4
40. Kf3 Nd2+ 41. Ke3 Ne4 42. Kf3 Nd2+ 1/2-1/2

[Event "Ïåðâåíñòâî Ìîñêâû"]
[Site "ÐœÐ¾Ñ�ÐºÐ²Ð°"]
[Date "2017.11.17"]
[Round "7.10"]
[White "Kirchei, Viktoriia"]
[Black "Levkin, Lev"]
[Result "1-0"]
[WhiteElo "1808"]
[BlackElo "1812"]
[PlyCount "67"]
[EventDate "2017.11.11"]

1. e4 c5 2. Nc3 Nc6 3. g3 d6 4. Bg2 g6 5. d3 Bg7 6. Be3 e6 7. Qd2 Nge7 8. Bh6
O-O 9. h4 f6 10. Bxg7 Kxg7 11. h5 Rh8 12. f4 Nd4 13. Nd1 f5 14. c3 Ndc6 15. Nf2
b5 16. h6+ Kf7 17. Nf3 Re8 18. Ng5+ Kg8 19. Nfh3 Rf8 20. exf5 exf5 21. Kf2 d5
22. Rae1 Qd6 23. Re2 Bd7 24. Rhe1 Rf6 25. Ng1 d4 26. Rxe7 Nxe7 27. Bxa8 Nd5 28.
Bxd5+ Qxd5 29. Re7 Bc6 30. Rg7+ Kh8 31. Rxh7+ Kg8 32. Rg7+ Kh8 33. N1f3 dxc3
34. Qxc3 1-0

[Event "Ïåðâåíñòâî Ìîñêâû"]
[Site "ÐœÐ¾Ñ�ÐºÐ²Ð°"]
[Date "2017.11.17"]
[Round "7.11"]
[White "Zlotin, Grigori"]
[Black "Zakirov, Artur"]
[Result "0-1"]
[WhiteElo "1479"]
[BlackElo "1833"]
[PlyCount "24"]
[EventDate "2017.11.11"]

1. d4 d5 2. Nf3 Nf6 3. c4 dxc4 4. e3 b5 5. a4 b4 6. Bxc4 e6 7. O-O Bb7 8. Nbd2
Be7 9. Be2 O-O 10. b3 Nd5 11. Bb2 Nd7 12. e4 Nf4 {íå ïîíÿòíî} 0-1

[Event "Ïåðâåíñòâî Ìîñêâû"]
[Site "ÐœÐ¾Ñ�ÐºÐ²Ð°"]
[Date "2017.11.17"]
[Round "7.12"]
[White "Agabekov, Saveliy"]
[Black "Pak, Nikita"]
[Result "0-1"]
[WhiteElo "1830"]
[BlackElo "1710"]
[PlyCount "54"]
[EventDate "2017.11.11"]

1. e4 c5 2. Nf3 e6 3. d4 cxd4 4. Nxd4 a6 5. Bd3 Nf6 6. O-O Qc7 7. Qe2 d6 8. c4
Nbd7 9. f4 g6 10. Nc3 Bg7 11. Be3 O-O 12. Rae1 b6 13. g4 Nc5 14. Bc2 e5 15.
fxe5 dxe5 16. Rxf6 Bxf6 17. Nd5 Qd6 18. Qf3 Bh4 19. Rf1 exd4 20. Qh3 Be6 21.
Bf4 Qd8 22. Bc7 Qg5 23. Nf6+ Kh8 24. Bg3 Qe3+ 25. Kh1 Bxf6 26. Rxf6 Qc1+ 27.
Rf1 Qxc2 0-1